A description of a certain Mess or Manor house called Cates-place with ye apurtenances scittate in the parish of Brenchly being the land of Will Bassage it containes together 120 Acr., 3 Roodes, 30 Poles - as may appear by the particular contents set down in the several peeces measured in the year 1656 by me John Pattenden (Record no. 116883)

MARC details
000 -LEADER
fixed length control field 01044cfm a22002175a 4500
001 - CONTROL NUMBER
control field L140445
008 - FIXED-LENGTH DATA ELEMENTS--GENERAL INFORMATION
fixed length control field 070924s1656 xxk a 0 h eng u
035 ## - SYSTEM CONTROL NUMBER
System control number (Sirsi) u140445
041 0# - LANGUAGE CODE
Language code of text/sound track or separate title eng
100 1# - MAIN ENTRY--PERSONAL NAME
Personal name Pattenden, John
245 02 - TITLE STATEMENT
Title A description of a certain Mess or Manor house called Cates-place with ye apurtenances scittate in the parish of Brenchly being the land of Will Bassage it containes together 120 Acr., 3 Roodes, 30 Poles - as may appear by the particular contents set down in the several peeces measured in the year 1656 by me John Pattenden
Medium [cartographic material]
255 ## - CARTOGRAPHIC MATHEMATICAL DATA
Statement of scale Scale 1:2376
260 ## - PUBLICATION, DISTRIBUTION, ETC.
Date of publication, distribution, etc. 1656
300 ## - PHYSICAL DESCRIPTION
Extent 1 ms. map
Other physical details vellum, col., rolled
Dimensions 50 x 30 cm.
500 ## - GENERAL NOTE
General note Manuscript map with hand colouring.
500 ## - GENERAL NOTE
General note Map is mounted on to a wooden roll at the bottom edge.
500 ## - GENERAL NOTE
General note Map has been annotated in ink at later dates: one annotation dates from 1740.
651 4# - SUBJECT ADDED ENTRY--GEOGRAPHIC NAME
Geographic name Kent
690 ## - LOCAL SUBJECT ADDED ENTRY--TOPICAL TERM (OCLC, RLIN)
Topical term or geographic name as entry element ENVIRONMENTAL AND LAND CONSULTANCY-GEOMATICS-MAPPING AND POSITIONING-CARTOGRAPHY
942 ## - ADDED ENTRY ELEMENTS (KOHA)
Suppress in OPAC 0
Holdings
Withdrawn status Lost status Source of classification or shelving scheme Damaged status Not for loan Home library Current library Shelving location Date acquired Total Checkouts Full call number Barcode Date last seen Copy number Price effective from Koha item type
    Dewey Decimal Classification     Historic collection Historic collection Historic collection 24/09/2007   MAP CABINET DRAWER 5 140445-2001 06/08/2019 1 06/08/2019 Archive